| 000 | 00804nam a2200229 4500 | ||
|---|---|---|---|
| 005 | 20240530110500.0 | ||
| 008 | 150627s2010 jo dk f b 000 0 ara d | ||
| 017 | _a2007/7/2327 | ||
| 040 | _aEG-CaGPL | ||
| 082 | 0 | 4 |
_221 _a649.4\ _bع س |
| 100 | 0 | _aعليه عابدين | |
| 245 | 1 | 0 |
_aسيكولوجية ملابس الاطفال / _cعليه عابدين |
| 250 | _aط2 | ||
| 260 |
_aعمان : _bدار المسيرة للنشر والتوزيع و الطباعة ، _c2010 . |
||
| 300 |
_a208 ص : _bايض ؛ _c24 سم . |
||
| 504 | _aيشتمل على ارجاعات ببليوجرافية | ||
| 650 | 0 | 4 |
_aالاطفال _xملابس |
| 650 | 0 | 4 |
_aالاطفال _xعلم نفس |
| 650 | 0 | 4 |
_aالاطفال _xرعاية |
| 942 |
_2ddc _cBK |
||
| 999 |
_c61451 _d61451 |
||